|
|
|
|
| LEADER |
00979nam a2200253 a 4500 |
| 001 |
2909310 |
| 008 |
120427s1989 maua b 001 0 eng |
| 010 |
|
|
|a 88006277
|
| 020 |
|
|
|a 0201122960
|
| 040 |
|
|
|a DLC
|c DLC
|d DLC
|d BD-DhAAL
|
| 050 |
0 |
0 |
|a TK7871.86
|b .N48 1989
|
| 082 |
0 |
0 |
|a 621.3815/22
|2 19
|
| 100 |
1 |
|
|a Neudeck, Gerold W.
|
| 245 |
1 |
4 |
|a The PN junction diode.
|n Volume II /
|c Gerold W. Neudeck.
|
| 250 |
|
|
|a 2nd ed.
|
| 260 |
|
|
|a Reading, Mass. :
|b Addison-Wesley,
|c 1989.
|
| 300 |
|
|
|a ix, 180 p. :
|b ill. ;
|c 24 cm.
|
| 490 |
0 |
|
|a Modular series on solid state devices ;
|v v. 2
|
| 504 |
|
|
|a Includes bibliographical references (p. 151) and index.
|
| 541 |
|
|
|e 00025043
|
| 650 |
|
0 |
|a Diodes, Semiconductor.
|
| 852 |
1 |
|
|a Ayesha Abed Library
|c General shelf.
|
| 999 |
|
|
|c 12121
|d 12121
|
| 952 |
|
|
|0 0
|1 0
|2 ddc
|4 0
|6 621_381522000000000_NEU
|7 0
|9 20104
|a BRACUL
|b BRACUL
|c GEN
|d 2012-04-26
|e Parama Publishers
|g 3288.00
|l 1
|m 9
|o 621.381522 NEU
|p 3010025043
|r 2025-09-23
|s 2025-07-23
|t 1
|w 2012-04-27
|y BK
|